Science - Élément Chimique par description n°1 (Chimie) - Statistiques

Statistiques générales
  • Ce quiz a été pris 24 fois
  • Le résultat moyen est 9 sur 20
Statistiques - réponses
Caractéristique Élément chimique % Correct
Élément le plus abondant de l'univers Hydrogène
100%
Composant principal de l'air Azote
96%
Utilisé pour désinfecter les piscines Chlore
91%
Métal précieux au centre de l'économie mondiale Or
91%
Métal alcalin, composant du sel de table Sodium
83%
Métal le plus léger, utilisé dans les batteries Lithium
78%
Gaz utilisé dans les phares et les éclairages Xénon
61%
Tire son nom du physicien à l'origine de la théorie de la relativité générale Einsteinium
52%
Utilisé pour donner leur éclat aux jantes de voitures Chrome
43%
Tire son nom du célèbre astronome Nicolas Copernic Copernicium
43%
Indispensable à l'ADN et présent dans les allumettes Phosphore
35%
Élément radioactif découvert par Pierre et Marie Curie Polonium
26%
Métal ayant le plus haut point de fusion Tungstène
26%
Métalloïde célèbre pour sa toxicité Arsenic
22%
Métal qui fond dans la main Gallium
22%
Utilisé pour fabriquer des aimants très puissants Néodyme
17%
Seul métal non-métal liquide à température ambiante Brome
9%
Utilisé pour les pigments bleus et les superalliages Cobalt
9%
Métal utilisé pour empêcher l'oxydation des bijoux en or, argent ou platine Rhodium
4%
Élément naturel le plus dense Osmium
0%
Aucun quiz correspondant
Distribution des résultats
% des personnes avec chaque résultat
Percentile par nombre de réponses
Votre historique - résultats
Vous n’avez pas pris ce quiz